[Event "Titled Tue 27th May Early"]
[Site "chess.com INT"]
[Date "2025.05.27"]
[Round "3"]
[White "Kleimenov, Nikolay"]
[Black "El Zein, Zayne-Eddine"]
[Result "1-0"]
[WhiteTitle "CM"]
[BlackTitle "CM"]
[WhiteElo "2198"]
[BlackElo "2146"]
[WhiteFideId "34414223"]
[BlackFideId "5313210"]
[EventDate "2025.05.27"]

1. e4 d6 2. d4 Nf6 3. Nc3 e5 4. f3 Nbd7 5. Be3 Be7 6. Nge2 c6 7. Qd2 b5 8. a3
O-O 9. g4 Qa5 10. h4 Rb8 11. h5 b4 12. Nd1 c5 13. d5 Nb6 14. Ng3 Ba6 15. b3 Bxf1
16. Rxf1 Rfc8 17. g5 Ne8 18. Nf5 Bf8 19. g6 fxg6 20. hxg6 hxg6 21. Nh4 Kf7 22.
Qg2 Nf6 23. Qxg6+ Ke7 24. Nf5+ Kd8 25. Nxg7 Bxg7 26. Qxg7 Nfd7 27. a4 Kc7 28.
Rh1 Rg8 29. Qe7 Rbe8 30. Qh4 Ref8 31. Qf2 Nf6 32. Qe2 Rh8 33. Rg1 Rfg8 34. Rxg8
Rxg8 35. Nb2 Nh5 36. Kd2 Ng3 37. Qd3 Nh5 38. Rh1 Rg2+ 39. Kc1 Nf6 40. Rh6 Ne8
41. Rh7+ Kc8 42. Qf1 Rg7 43. Qh3+ Nd7 44. Rh8 Qd8 45. Qe6 Re7 46. Qg6 Ndf6 47.
Bg5 Rg7 48. Qf5+ Qd7 49. Bxf6 Rg1+ 50. Nd1 Qxf5 51. Rxe8+ Kd7 52. Re7+ Kd8 53.
exf5 1-0

[Event "Titled Tue 27th May Early"]
[Site "chess.com INT"]
[Date "2025.05.27"]
[Round "3"]
[White "Fellowes, Billy"]
[Black "Erece, Ece Alkim"]
[Result "0-1"]
[WhiteTitle "CM"]
[BlackTitle "WCM"]
[WhiteElo "2193"]
[BlackElo "1843"]
[WhiteFideId "483540"]
[BlackFideId "6346006"]
[EventDate "2025.05.27"]

1. d4 Nf6 2. Bf4 c5 3. d5 d6 4. Nc3 a6 5. a4 g6 6. e4 Bg7 7. Nge2 O-O 8. Qd2
Nbd7 9. h4 h5 10. f3 Ne5 11. Nc1 Rb8 12. a5 b5 13. axb6 Qxb6 14. Na4 Qc7 15. Be2
Bd7 16. c3 Bb5 17. Bxe5 dxe5 18. c4 Bxa4 19. Rxa4 Rb6 20. O-O Rfb8 21. b3 Ne8
22. Bd1 Bf6 23. g3 e6 24. Nd3 exd5 25. exd5 Nd6 26. Nf2 e4 27. fxe4 Bd4 28. Qf4
Qe7 29. Bc2 Rxb3 30. Bxb3 Rxb3 31. e5 Nf5 32. Re1 Rxg3+ 33. Kf1 Re3 34. Rxe3
Nxe3+ 35. Ke2 Nf5 36. e6 fxe6 37. dxe6 Qxe6+ 38. Qe4 Ng3+ 39. Kf3 Nxe4 40. Nxe4
Qf5+ 0-1

[Event "Titled Tue 27th May Early"]
[Site "chess.com INT"]
[Date "2025.05.27"]
[Round "3"]
[White "Sychev, Klementy"]
[Black "Hajiyev, Kanan"]
[Result "1-0"]
[WhiteTitle "GM"]
[BlackTitle "FM"]
[WhiteElo "2542"]
[BlackElo "2197"]
[WhiteFideId "4114060"]
[BlackFideId "13404148"]
[EventDate "2025.05.27"]

1. e4 a6 2. d4 c6 3. Bd3 d5 4. e5 c5 5. dxc5 e6 6. c3 Nd7 7. Nf3 Bxc5 8. O-O Ne7
9. b4 Ba7 10. Qe2 Ng6 11. Re1 Qc7 12. h4 h6 13. h5 Ne7 14. Bf4 Nb6 15. a4 Bd7
16. a5 Nc4 17. Rc1 Bb5 18. Nd4 Bd7 19. Na3 Rc8 20. Ra2 Nxa3 21. Rxa3 Nc6 22. Qg4
Kf8 23. Nf3 Ne7 24. c4 dxc4 25. Rxc4 Qd8 26. Rac3 Rxc4 27. Bxc4 Nf5 28. Bd3 Bc8
29. Bd2 Ne7 30. Qc4 Bd7 31. Qc7 Qxc7 32. Rxc7 Bc6 33. b5 axb5 34. Bb4 f6 35.
Bxe7+ Kg8 36. Bg6 1-0

[Event "Titled Tue 27th May Early"]
[Site "chess.com INT"]
[Date "2025.05.27"]
[Round "3"]
[White "Demchenko, Yaroslav"]
[Black "Sobek, Jaroslav"]
[Result "1-0"]
[WhiteTitle "CM"]
[BlackTitle "FM"]
[WhiteElo "2286"]
[BlackElo "2195"]
[WhiteFideId "14186667"]
[BlackFideId "301388"]
[EventDate "2025.05.27"]

1. Nf3 c5 2. b3 b6 3. Bb2 Bb7 4. e3 Nf6 5. d4 d6 6. Bd3 e6 7. O-O Be7 8. Nbd2
O-O 9. Re1 Nc6 10. a3 Re8 11. c4 Rc8 12. Rc1 Qc7 13. e4 cxd4 14. Nxd4 Nxd4 15.
Bxd4 e5 16. Bb2 h6 17. Re3 Bf8 18. Rg3 Kh8 19. Qe2 Qe7 20. Nf1 g6 21. Rd1 Nh5
22. Re3 Nf4 23. Qf3 Bg7 24. g3 Nxd3 25. Rexd3 Red8 26. Ne3 a6 27. Nd5 Bxd5 28.
Rxd5 Rc5 29. h4 Rxd5 30. Rxd5 Kg8 31. h5 Rc8 32. hxg6 fxg6 33. Qg4 Rc5 34. Rxc5
bxc5 35. Qxg6 Qf7 36. Qxd6 Qf3 37. Bxe5 Qxe4 38. Bxg7 Kxg7 39. Qxc5 Qb1+ 40. Kg2
Qxb3 41. Qd4+ Kh7 42. c5 Qb7+ 43. Kh2 Qf7 44. c6 Qh5+ 45. Kg2 1-0

[Event "Titled Tue 27th May Early"]
[Site "chess.com INT"]
[Date "2025.05.27"]
[Round "3"]
[White "Bold, Andre"]
[Black "Bonaveri, Agustin"]
[Result "1-0"]
[WhiteTitle "CM"]
[BlackTitle "FM"]
[WhiteElo "2235"]
[BlackElo "2367"]
[WhiteFideId "16208471"]
[BlackFideId "104027"]
[EventDate "2025.05.27"]

1. d4 e6 2. c4 f5 3. Nc3 Nf6 4. g3 d5 5. Bg2 c6 6. b3 Bd6 7. Nf3 O-O 8. O-O Bd7
9. a4 Qe7 10. c5 Bc7 11. Bf4 Bxf4 12. gxf4 Kh8 13. Ne5 Rg8 14. Qd2 Be8 15. b4
Nbd7 16. Nxd7 Bxd7 17. Kh1 h6 18. Nd1 g5 19. Nb2 gxf4 20. Qxf4 Rg6 21. Nd3 Qg7
22. Bf3 Rg8 23. Ne5 Rg5 24. h4 Rh5 25. Qh2 Ng4 26. Bxg4 fxg4 27. Qg3 Qe7 28. Kg2
Be8 29. Rh1 Qf6 30. Ra3 Qf5 31. Re3 Bg6 32. Nxg6+ Qxg6 33. Re5 Rf5 34. Rxf5 Qxf5
35. Qe5+ Qxe5 36. dxe5 Rf8 37. Kg3 h5 38. f4 gxf3 39. exf3 Rg8+ 40. Kf2 Kh7 41.
b5 1-0

[Event "Titled Tue 27th May Early"]
[Site "chess.com INT"]
[Date "2025.05.27"]
[Round "3"]
[White "Pavlov, Nikolay"]
[Black "Diaz Vasquez, Martin"]
[Result "1-0"]
[WhiteTitle "FM"]
[BlackTitle "CM"]
[WhiteElo "2316"]
[BlackElo "2266"]
[WhiteFideId "24141470"]
[BlackFideId "3410579"]
[EventDate "2025.05.27"]

1. e4 c5 2. Nf3 e6 3. d4 cxd4 4. Nxd4 Nf6 5. Nc3 Nc6 6. Ndb5 Bb4 7. a3 Bxc3+ 8.
Nxc3 d5 9. Bd3 dxe4 10. Nxe4 Nxe4 11. Bxe4 Qxd1+ 12. Kxd1 Bd7 13. Be3 f5 14. Bf3
e5 15. Bd5 Rc8 16. f4 e4 17. c3 b6 18. Kc2 Ke7 19. Rhd1 Be6 20. b4 Rhd8 21. Bb3
Bxb3+ 22. Kxb3 Ke6 23. a4 Ne7 24. c4 Nc6 25. a5 bxa5 26. b5 Nb4 27. Rxd8 Rxd8
28. Rxa5 Rd3+ 29. Kxb4 Rxe3 30. Ra6+ Kd7 31. Rxa7+ Kd6 32. Rxg7 Re1 33. c5+ Kd5
34. Rd7+ Ke6 35. Rd6+ Ke7 36. b6 e3 37. Kc4 e2 38. Kd3 Rc1 39. Kxe2 Rxc5 40. Rh6
Rc2+ 41. Kf3 Rc3+ 42. Kf2 Rc2+ 43. Kg3 Rc3+ 44. Kh4 Rb3 45. b7 Kf8 46. Rxh7 1-0

[Event "Titled Tue 27th May Early"]
[Site "chess.com INT"]
[Date "2025.05.27"]
[Round "3"]
[White "Hayrapetyan, Edgar"]
[Black "Preobrazhenskaya, Diana"]
[Result "1-0"]
[WhiteTitle "FM"]
[BlackTitle "WFM"]
[WhiteElo "2161"]
[BlackElo "2103"]
[WhiteFideId "13313568"]
[BlackFideId "34270566"]
[EventDate "2025.05.27"]

1. e4 c5 2. Nc3 a6 3. g3 b5 4. Bg2 Bb7 5. Nge2 e6 6. d4 cxd4 7. Nxd4 Nf6 8. a3
d5 9. Bg5 e5 10. Nf5 d4 11. Nd5 Bxd5 12. exd5 g6 13. d6 Ra7 14. Nxd4 Bxd6 15.
Nb3 h6 16. Be3 Rd7 17. Qe2 O-O 18. Bxh6 Re8 19. O-O Rc7 20. Bg5 Kg7 21. Rad1 Qe7
22. Rd3 Nc6 23. Rfd1 Rd8 24. Rf3 Nd4 25. Nxd4 exd4 26. Bxf6+ Qxf6 27. Rxf6 Kxf6
28. Rxd4 Re7 29. Qd2 Re6 30. h4 Ke7 31. Bh3 Re5 32. c4 bxc4 33. Bg2 Re6 34. Qa5
Rd7 35. Bh3 Re5 36. Qxe5+ Bxe5 37. Rxd7+ Kf6 38. Ra7 Bxb2 39. Rxa6+ Ke5 40. Rc6
c3 41. a4 Kd4 42. Bf1 Kd5 43. Rc8 1-0

[Event "Titled Tue 27th May Early"]
[Site "chess.com INT"]
[Date "2025.05.27"]
[Round "3"]
[White "Rubio, Lloyd"]
[Black "Yanev, Tihomir"]
[Result "0-1"]
[BlackTitle "IM"]
[WhiteElo "2167"]
[BlackElo "2354"]
[WhiteFideId "5210453"]
[BlackFideId "2910110"]
[EventDate "2025.05.27"]

1. d4 Nf6 2. Bf4 d6 3. e3 g6 4. Nf3 Bg7 5. h3 O-O 6. Nbd2 c5 7. Be2 Nc6 8. Bh2
b6 9. O-O Bb7 10. c3 Re8 11. a4 Qc7 12. Nc4 Rad8 13. Qb3 e5 14. dxc5 bxc5 15. a5
Ba8 16. Rfd1 d5 17. Na3 Qe7 18. a6 e4 19. Ne1 d4 20. Bc4 d3 21. Bb5 Nd5 22. Nc4
Qg5 23. Qa4 Re6 24. Qa3 Bf8 25. Qa4 f5 26. b4 f4 27. exf4 Nxf4 28. Ne3 Nxh3+ 29.
Kf1 Nxf2 30. Kxf2 Bh6 31. Nc4 e3+ 32. Kg1 Ne7 33. bxc5 d2 34. Bd7 dxe1=Q+ 0-1

[Event "Titled Tue 27th May Early"]
[Site "chess.com INT"]
[Date "2025.05.27"]
[Round "3"]
[White "Provaznik, Michal"]
[Black "Dicen, Elis Denele"]
[Result "1-0"]
[WhiteTitle "CM"]
[BlackTitle "WFM"]
[WhiteElo "2050"]
[BlackElo "2135"]
[WhiteFideId "315273"]
[BlackFideId "462560"]
[EventDate "2025.05.27"]

1. e4 c6 2. d4 d5 3. Nc3 dxe4 4. Nxe4 Nf6 5. Ng5 Bf5 6. Bc4 e6 7. Ne2 h6 8. Nf3
Nbd7 9. Ng3 Bg6 10. O-O Bd6 11. Re1 Qc7 12. Nh4 Bh7 13. c3 O-O-O 14. b4 g5 15.
Nf3 Nd5 16. Qb3 N7b6 17. a4 Nf4 18. a5 Nxc4 19. Qxc4 a6 20. Ne5 Bxe5 21. Rxe5
Bd3 22. Qb3 f6 23. Re1 e5 24. dxe5 fxe5 25. Bxf4 exf4 26. Ne4 Bxe4 27. Rxe4 f3
28. gxf3 Kb8 29. Rae1 Rhf8 30. Kg2 h5 31. R1e3 g4 32. fxg4 hxg4 33. Re7 Qf4 34.
Qc2 Rh8 35. Rg3 Rd2 36. Rf7 Qg5 37. Qe4 Qh6 38. Qf4+ Qxf4 39. Rxf4 Ka7 40. Rfxg4
Rf8 41. Rf3 Re8 42. Rg7 Re5 43. Rff7 Ree2 44. Rxb7+ Ka8 45. Rbf7 c5 46. Rg8+ 1-0

[Event "Titled Tue 27th May Early"]
[Site "chess.com INT"]
[Date "2025.05.27"]
[Round "3"]
[White "Parfenov, Viktor N."]
[Black "Ahmad, Khagan"]
[Result "1-0"]
[WhiteTitle "CM"]
[BlackTitle "IM"]
[WhiteElo "2193"]
[BlackElo "2405"]
[WhiteFideId "4165969"]
[BlackFideId "13431552"]
[EventDate "2025.05.27"]

1. d4 Nf6 2. Bg5 e6 3. e4 h6 4. Bxf6 Qxf6 5. Nf3 d5 6. Nbd2 c6 7. Bd3 Nd7 8. O-O
g6 9. c4 dxc4 10. Nxc4 Nb6 11. e5 Qd8 12. Ne3 h5 13. h4 Be7 14. g3 Bd7 15. a4
Nd5 16. Nc4 Nb6 17. Ne3 Kf8 18. a5 Nd5 19. Nc4 Kg7 20. Re1 b5 21. Nd6 Bxd6 22.
exd6 Qf8 23. Ne5 Qxd6 24. Be4 Rhd8 25. Rc1 Be8 26. Qd2 a6 27. Bxd5 cxd5 28. b4
f6 29. Nd3 Bf7 30. Rc5 Re8 31. f4 Re7 32. Rec1 Be8 33. Kf2 Raa7 34. Rc8 Bd7 35.
R8c5 Rf7 36. Kg1 Rf8 37. Qe3 Kf7 38. Qd2 Rd8 39. Qe3 Be8 40. Kf2 Rdd7 41. R1c3
Rac7 42. Qc1 Ra7 43. Rc8 Re7 44. f5 Kg7 45. Qf4 e5 46. dxe5 fxe5 47. Qg5 d4 48.
R3c5 e4 49. Nf4 e3+ 50. Ke1 Qf6 51. Nxh5+ 1-0

[Event "Titled Tue 27th May Early"]
[Site "chess.com INT"]
[Date "2025.05.27"]
[Round "3"]
[White "Kovalenko, Igor"]
[Black "Mohamed, Anees M"]
[Result "1-0"]
[WhiteTitle "GM"]
[BlackTitle "FM"]
[WhiteElo "2676"]
[BlackElo "2414"]
[WhiteFideId "14117908"]
[BlackFideId "35065815"]
[EventDate "2025.05.27"]

1. c4 f5 2. b4 Nf6 3. Bb2 e6 4. Qb3 g6 5. g3 Bg7 6. Bg2 O-O 7. Nf3 a5 8. b5 d6
9. a4 Nbd7 10. d4 Ne4 11. O-O Ndf6 12. Nbd2 b6 13. Rad1 Bb7 14. Ne1 Qe7 15. Nd3
Rad8 16. Nb1 Nd7 17. f3 Nef6 18. Nc3 e5 19. c5+ Kh8 20. dxe5 dxe5 21. c6 Nc5 22.
Nxc5 Qxc5+ 23. Kh1 Bc8 24. Ba3 Qe3 25. Bxf8 Rxf8 26. Rd3 Qc5 27. Rfd1 Qe7 28. e4
Be6 29. Qc2 f4 30. g4 h5 31. g5 Ne8 32. h4 Nd6 33. Nd5 Bxd5 34. Rxd5 Rd8 35. Kh2
Kg8 36. Bh3 Kh7 37. R1d2 Re8 38. R2d3 Bf8 39. Rxd6 cxd6 40. c7 1-0

[Event "Titled Tue 27th May Early"]
[Site "chess.com INT"]
[Date "2025.05.27"]
[Round "3"]
[White "Sarveshwaran V"]
[Black "Barria Zuniga, Daniel"]
[Result "1-0"]
[WhiteTitle "CM"]
[BlackTitle "IM"]
[WhiteElo "2290"]
[BlackElo "2341"]
[WhiteFideId "25699016"]
[BlackFideId "3400816"]
[EventDate "2025.05.27"]

1. e4 c5 2. Nc3 Nc6 3. Nf3 e6 4. a3 a6 5. d4 cxd4 6. Nxd4 Qc7 7. Be2 Nf6 8. Be3
Be7 9. g4 h6 10. f4 d6 11. g5 hxg5 12. fxg5 Nd7 13. g6 Nde5 14. gxf7+ Kxf7 15.
Qd2 Bd7 16. O-O-O Raf8 17. Nf3 Nxf3 18. Bxf3 Ne5 19. Be2 Kg8 20. Rdg1 Rh7 21.
Rg2 b5 22. Rhg1 Bf6 23. Bh6 Kh8 24. Bxg7+ Bxg7 25. Rxg7 Qd8 26. Rxh7+ Kxh7 27.
Qe1 Qf6 28. Kb1 Qf2 29. Qd1 Qc5 30. Bh5 Rg8 31. Rf1 Rg7 32. Be2 1-0

[Event "Titled Tue 27th May Early"]
[Site "chess.com INT"]
[Date "2025.05.27"]
[Round "3"]
[White "Karvatskyi, Oleksii"]
[Black "Berikkyzy Alanna"]
[Result "1-0"]
[WhiteTitle "CM"]
[BlackTitle "WFM"]
[WhiteElo "2248"]
[BlackElo "2104"]
[WhiteFideId "14191059"]
[BlackFideId "13780719"]
[EventDate "2025.05.27"]

1. Nc3 c5 2. Nf3 Nc6 3. d4 cxd4 4. Nxd4 e5 5. Ndb5 d6 6. Nd5 Qa5+ 7. Bd2 Qd8 8.
Nbc7+ Kd7 9. Nxa8 Nf6 10. Nac7 Nxd5 11. Nxd5 f5 12. e4 Ke8 13. exf5 Bxf5 14.
Qh5+ Bg6 15. Qg5 Qd7 16. Bd3 e4 17. O-O exd3 18. Rfe1+ Kf7 19. Nf4 Bf5 20. cxd3
Be7 21. Qh5+ g6 22. Qf3 Bf6 23. Qd5+ Kg7 24. Bc3 Ne5 25. d4 Nd3 26. Ne6+ Bxe6
27. Qxe6 Qc7 28. Re3 Nf4 29. Qe4 d5 30. Qf3 Rf8 31. Bb4 Rf7 32. Rae1 a5 33. Bxa5
Qxa5 34. Qxf4 Qd8 35. Qg4 h5 36. Qe6 Re7 37. Qh3 Rf7 38. Rf3 Qa5 39. Qe6 Kh7 40.
Qxf7+ Bg7 41. Qe7 Qxa2 42. Rf7 Kh6 43. Rxg7 1-0

[Event "Titled Tue 27th May Early"]
[Site "chess.com INT"]
[Date "2025.05.27"]
[Round "3"]
[White "Tang, Andrew"]
[Black "Tristan, Leonardo"]
[Result "1-0"]
[WhiteTitle "GM"]
[BlackTitle "GM"]
[WhiteElo "2529"]
[BlackElo "2536"]
[WhiteFideId "2059630"]
[BlackFideId "113816"]
[EventDate "2025.05.27"]

1. d4 d5 2. Bf4 Nf6 3. e3 Bf5 4. Nf3 e6 5. Nbd2 c5 6. c3 Nc6 7. Qb3 Qb6 8. Qxb6
axb6 9. Bb5 Nd7 10. a4 h6 11. Ne5 Ndxe5 12. Bxe5 Kd7 13. f3 f6 14. Bg3 Bd6 15.
Kf2 Kc7 16. Rhd1 Rad8 17. Rac1 c4 18. b3 cxb3 19. Nxb3 Kb8 20. c4 dxc4 21. Bxc4
Rhe8 22. Bb5 Bxg3+ 23. hxg3 Rc8 24. e4 Bg6 25. d5 exd5 26. exd5 Nb4 27. Bxe8
Rxe8 28. Rc3 Rd8 29. d6 Bf5 30. Rd2 Bd7 31. Nd4 Na6 32. Rc4 Ka7 33. Nb5+ Bxb5
34. axb5 Nc5 35. Rcd4 Rd7 36. Re2 Kb8 37. Re8+ Ka7 38. Rd2 1-0

[Event "Titled Tue 27th May Early"]
[Site "chess.com INT"]
[Date "2025.05.27"]
[Round "3"]
[White "Zdorov, Egor Vit"]
[Black "Samunenkov, Ihor"]
[Result "0-1"]
[WhiteTitle "CM"]
[BlackTitle "GM"]
[WhiteElo "2100"]
[BlackElo "2572"]
[WhiteFideId "55688560"]
[BlackFideId "14187086"]
[EventDate "2025.05.27"]

1. d4 Nf6 2. c4 e6 3. Nc3 Bb4 4. Qc2 d5 5. cxd5 exd5 6. Bg5 h6 7. Bh4 Nc6 8. e3
g5 9. Bg3 h5 10. Bb5 h4 11. Be5 O-O 12. h3 Nxe5 13. dxe5 Ne4 14. Bd3 Bf5 15. Ne2
Qe7 16. O-O-O Qxe5 17. Nxd5 Qxd5 18. Bxe4 Qxe4 19. Qxe4 Bxe4 20. Rd4 Bxg2 21.
Rg1 c5 22. Rd6 Be4 23. Rxg5+ Bg6 24. f4 Rfd8 25. Rxd8+ Rxd8 26. f5 Rd5 27. Nf4
Rxf5 28. Rg2 Kg7 29. a3 Be1 30. Rg4 Re5 31. Ng2 Bf2 32. Kd2 f5 33. Ra4 a6 34.
Ke2 Be8 35. Rf4 Bg3 36. Rf3 Bb5+ 37. Kd2 Bc6 38. Rf1 Bxg2 39. Rg1 Bxh3 0-1

[Event "Titled Tue 27th May Early"]
[Site "chess.com INT"]
[Date "2025.05.27"]
[Round "3"]
[White "Pavlidou, Ekaterini"]
[Black "Pournami S"]
[Result "1/2-1/2"]
[WhiteTitle "WIM"]
[BlackTitle "WCM"]
[WhiteElo "2198"]
[BlackElo "1782"]
[WhiteFideId "4213262"]
[BlackFideId "25732439"]
[EventDate "2025.05.27"]

1. d4 Nf6 2. c4 e6 3. Nc3 d5 4. cxd5 exd5 5. Bg5 Be7 6. e3 O-O 7. Bd3 h6 8. Bh4
b6 9. Nge2 Bb7 10. f3 c5 11. O-O Nc6 12. a3 Re8 13. Bf2 a6 14. Ng3 g6 15. Re1
Bd6 16. Qb1 b5 17. dxc5 Bxc5 18. Bxg6 fxg6 19. Qxg6+ Kh8 20. Qxh6+ Nh7 21. Rad1
Ne5 22. Nf5 Qf6 23. Qh3 Bc8 24. g4 Bxf5 25. gxf5 Rf8 26. Rxd5 Qxf5 27. Qxf5 Rxf5
28. Kf1 Raf8 29. Rxc5 Rxf3 30. Rxe5 Rxf2+ 31. Kg1 Rxb2 32. Re2 Rg8+ 33. Kf2 Rb3
34. Nd5 Rf8+ 35. Nf4 Rxa3 36. Kg3 Rg8+ 37. Kf3 Ng5+ 38. Kf2 Nh3+ 39. Ke1 Rg1+
40. Kd2 Nxf4 41. exf4 Ra2+ 42. Kc3 Rxe2 43. Rxe2 Rf1 44. Re4 Kg7 45. Kd4 Kf6 46.
Kc5 Rf2 47. h4 Rh2 48. Kb6 Rxh4 49. Kxa6 Kf5 50. Rb4 Rxf4 51. Rxf4+ Kxf4 52.
Kxb5 1/2-1/2

[Event "Titled Tue 27th May Early"]
[Site "chess.com INT"]
[Date "2025.05.27"]
[Round "3"]
[White "Arya G Mallar"]
[Black "Birkisson, Bjorn Holm"]
[Result "0-1"]
[WhiteTitle "WCM"]
[BlackTitle "CM"]
[WhiteElo "2014"]
[BlackElo "2123"]
[WhiteFideId "25115324"]
[BlackFideId "2310600"]
[EventDate "2025.05.27"]

1. c4 e5 2. Nc3 Nf6 3. g3 d5 4. cxd5 Nxd5 5. Bg2 Nf6 6. d3 Bd6 7. Nf3 Nc6 8. O-O
h6 9. h3 O-O 10. Be3 Re8 11. Rc1 Be6 12. Qa4 Qd7 13. Rfd1 Bxh3 14. Qb5 Bxg2 15.
Kxg2 a6 16. Qb3 Ng4 17. Bd2 b5 18. Ne4 Nd4 19. Qd5 Nxe2 20. Rc2 Nd4 21. Nxd4
exd4 22. Qxd4 Ne5 23. Bxh6 Qg4 24. Rh1 Qf3+ 25. Kg1 Qd1+ 26. Kg2 Qf3+ 27. Kg1
gxh6 28. Rc1 Rad8 29. Qc3 Kg7 30. Rd1 Qxd1+ 31. Kg2 Qf3+ 32. Kh2 Kg6 33. Kg1 f6
34. Qc1 Ng4 35. Qd2 Rxe4 36. dxe4 Bc5 37. Qc2 Bxf2+ 38. Qxf2 Qxf2# 0-1

[Event "Titled Tue 27th May Early"]
[Site "chess.com INT"]
[Date "2025.05.27"]
[Round "3"]
[White "Dubnevych, Maksym"]
[Black "Lissillour, Baptiste"]
[Result "1-0"]
[WhiteTitle "FM"]
[BlackTitle "FM"]
[WhiteElo "2292"]
[BlackElo "2318"]
[WhiteFideId "14184001"]
[BlackFideId "45179620"]
[EventDate "2025.05.27"]

1. Nc3 d5 2. e4 dxe4 3. Nxe4 Bf5 4. Qf3 e6 5. c3 Qd5 6. Ng3 Qxf3 7. Nxf3 Bg6 8.
h4 h6 9. d4 Nf6 10. Ne5 Bh7 11. Bf4 Bd6 12. Bb5+ c6 13. Be2 O-O 14. Ng6 Bxf4 15.
Nxf4 Nbd7 16. O-O-O e5 17. dxe5 Nxe5 18. Nfh5 Nxh5 19. Nxh5 Rad8 20. Nf4 g5 21.
hxg5 hxg5 22. Nh5 Bg6 23. Ng3 Kg7 24. a4 f5 25. Rxd8 Rxd8 26. Rd1 Rxd1+ 27. Kxd1
f4 28. Nf1 Kf6 29. Nd2 g4 30. a5 a6 31. Nb3 Nd7 32. Bxg4 Bf5 33. Bxf5 Kxf5 34.
Ke2 Ke4 35. Nd2+ Kf5 36. Nc4 Nf6 37. Nd6+ Ke5 38. Nxb7 Ne4 39. f3 Ng3+ 40. Kd3
Nf1 41. Nc5 Ne3 42. g3 Nd5 43. gxf4+ Nxf4+ 44. Kc4 Kd6 45. Nxa6 Nd5 46. Nb4 Ne3+
47. Kd3 Nd1 48. Kc2 Ne3+ 49. Kb3 Kc5 50. f4 Kb5 51. a6 Kb6 52. c4 Nf5 53. c5+
Ka7 54. Kc4 Kb8 55. Nxc6+ Kc7 56. Nb4 Ne3+ 57. Kd4 Ng4 58. f5 Kb8 59. Nc6+ Kc7
60. a7 Kb7 61. b4 1-0

[Event "Titled Tue 27th May Early"]
[Site "chess.com INT"]
[Date "2025.05.27"]
[Round "3"]
[White "Kourkoulos-Arditis, Stamatis"]
[Black "Dyulgerov, Volen"]
[Result "0-1"]
[WhiteTitle "GM"]
[BlackTitle "CM"]
[WhiteElo "2580"]
[BlackElo "2200"]
[WhiteFideId "4221990"]
[BlackFideId "2918978"]
[EventDate "2025.05.27"]

1. e4 e5 2. Nf3 d5 3. Nxe5 Nf6 4. exd5 Qxd5 5. d4 Nc6 6. Nxc6 Qxc6 7. Nc3 Bb4 8.
Qe2+ Ne4 9. Bd2 Bxc3 10. Bxc3 O-O 11. Qc4 Re8 12. Qxc6 bxc6 13. O-O-O Nxf2 14.
Bd3 Nxh1 15. Rxh1 Be6 16. Rf1 Bd5 17. g3 Re3 18. Ba5 Rae8 19. Kd2 Rf3 20. Rxf3
Bxf3 21. Bxc7 Be4 22. Ba6 g5 23. Bd6 Re6 24. Bc5 Rh6 25. Bxa7 Rxh2+ 26. Ke3 Bxc2
27. Bc4 Ba4 28. b4 h5 29. Bb8 Rc2 30. Kd3 Rc1 31. d5 cxd5 32. Bxd5 Rd1+ 33. Ke4
Bc2+ 34. Ke5 h4 35. gxh4 gxh4 36. Bf3 Rf1 37. Kf4 Bd1 38. Kg4 Rxf3 39. Kxh4 Ra3
40. Be5 Rxa2 41. b5 Ra5 42. Kg5 Rxb5 43. Kh6 Bc2 0-1

[Event "Titled Tue 27th May Early"]
[Site "chess.com INT"]
[Date "2025.05.27"]
[Round "3"]
[White "Robert, Yoann"]
[Black "Cardozo Munar, Carlos Eduardo"]
[Result "1-0"]
[WhiteTitle "CM"]
[BlackTitle "FM"]
[WhiteElo "2198"]
[BlackElo "2052"]
[WhiteFideId "36018805"]
[BlackFideId "4409477"]
[EventDate "2025.05.27"]

1. b3 d5 2. Bb2 Nd7 3. Nf3 Ngf6 4. c4 e6 5. e3 Bd6 6. Nc3 O-O 7. Qc2 a5 8. cxd5
exd5 9. Nb5 Nc5 10. Nxd6 Qxd6 11. Be2 b6 12. O-O Bg4 13. Ba3 Qd7 14. Ne5 Qf5 15.
Qxf5 Bxf5 16. Rac1 a4 17. b4 Ne6 18. b5 Rfe8 19. d4 Ne4 20. f3 Nf6 21. Rc6 h5
22. Rfc1 Nh7 23. Kf2 Nhf8 24. Bb4 f6 25. Nd3 Kf7 26. Ba3 Bxd3 27. Bxd3 g5 28.
Bb4 h4 29. a3 Ng6 30. Bf5 Ra7 31. Bxe6+ Rxe6 32. Rxc7+ Rxc7 33. Rxc7+ Kg8 34.
Rc6 Kf7 35. Bd6 Ke8 36. Rxb6 Kd7 37. Bc5 Rxb6 38. Bxb6 f5 39. Bc5 g4 40. Ke2 Nh8
41. e4 fxe4 42. fxe4 dxe4 43. Ke3 h3 44. gxh3 gxh3 45. Kxe4 Ng6 46. Kf3 Ke6 47.
Kg3 Kd5 48. Kxh3 Nf4+ 49. Kg4 Ne6 50. b6 Kc6 51. h4 Ng7 52. h5 1-0

[Event "Titled Tue 27th May Early"]
[Site "chess.com INT"]
[Date "2025.05.27"]
[Round "3"]
[White "Ingebretsen, Jens E"]
[Black "Nguyen, Ngoc Truong Son"]
[Result "0-1"]
[WhiteTitle "IM"]
[BlackTitle "GM"]
[WhiteElo "2414"]
[BlackElo "2632"]
[WhiteFideId "1522965"]
[BlackFideId "12401110"]
[EventDate "2025.05.27"]

1. c4 e6 2. e4 d5 3. exd5 exd5 4. cxd5 Nf6 5. Nc3 Be7 6. Nf3 O-O 7. Bc4 Nbd7 8.
O-O Nb6 9. Bb3 Nbxd5 10. d4 c6 11. Bg5 Bg4 12. h3 Bh5 13. Re1 Re8 14. Bc2 Nxc3
15. bxc3 Nd5 16. Bxe7 Rxe7 17. Qd3 Bg6 18. Qd2 Rxe1+ 19. Rxe1 Qa5 20. Bxg6 hxg6
21. c4 Qxd2 22. Nxd2 Nf4 23. Re7 Rd8 24. Nf3 a5 25. Rxb7 Ne2+ 26. Kh2 Nxd4 27.
Ne5 Rf8 28. Ra7 g5 29. Rxa5 f6 30. Nd7 Re8 31. Ra7 Re2 32. Kg3 Nf5+ 33. Kf3 Rc2
34. c5 Nh4+ 35. Kg3 Nf5+ 36. Kf3 Nd4+ 37. Ke3 Ne6 38. g4 Rc3+ 39. Kd2 Rxh3 40.
a4 Ra3 41. a5 Nd4 42. a6 Nb5 43. Ra8+ Kf7 44. Nb6 Kg6 45. Nc4 Ra4 46. Kd3 Nc7
47. Ra7 Nxa6 48. Kc3 Nxc5 49. Rc7 Ne4+ 50. Kd4 Nxf2 51. Rxc6 Nxg4 52. Ke4 Ne5 0-1

[Event "Titled Tue 27th May Early"]
[Site "chess.com INT"]
[Date "2025.05.27"]
[Round "3"]
[White "Moinzai, Khushal"]
[Black "Toncheva, Nadya"]
[Result "0-1"]
[WhiteTitle "FM"]
[BlackTitle "FM"]
[WhiteElo "1894"]
[BlackElo "2332"]
[WhiteFideId "11701200"]
[BlackFideId "2924056"]
[EventDate "2025.05.27"]

1. Nf3 g6 2. e4 c5 3. h4 h6 4. d4 cxd4 5. Qxd4 Nf6 6. e5 Nc6 7. Qc3 Ne4 8. Qe3
d5 9. exd6 Nxd6 10. Nc3 Bg7 11. Bd2 O-O 12. h5 Nf5 13. Qd3 Nb4 14. Qxd8 Rxd8 15.
O-O-O g5 16. a3 Nc6 17. Bc4 Nd6 18. Bb3 Bg4 19. Nd5 Rac8 20. Bc3 Bxf3 21. gxf3
Bxc3 22. Nxc3 e6 23. f4 gxf4 24. Rhg1+ Kh7 25. Rg4 Nf5 26. Rxd8 Rxd8 27. Ne4 Ne5
28. Nf6+ Kh8 29. Rxf4 Kg7 30. Ng4 Nxg4 31. Rxg4+ Kf6 32. c3 Rd3 33. Ra4 a6 34.
Rb4 b5 35. a4 Nd6 36. axb5 axb5 37. Rf4+ Ke5 38. Rh4 Rf3 39. Rg4 Rxf2 40. Rg7
Rh2 41. Bd1 Nc4 42. Rxf7 Nxb2 43. Rb7 Nd3+ 44. Kb1 Rb2+ 45. Ka1 Kd6 46. Bg4 Rg2 0-1